[Event "4NCL"]
[Site "Barcelo Hotel, Daventry, ENG"]
[Date "2010.11.06"]
[Round "1.11"]
[White "Cobb, James E"]
[Black "Jones, Richard S"]
[Result "1-0"]
[WhiteElo "2401"]
[BlackElo "2373"]
[PlyCount "87"]
[EventDate "2010.??.??"]
[WhiteTeam "South Wales Dragons"]
[BlackTeam "Rhyfelwyr Essyllwg"]

1. d4 Nf6 2. Nf3 g6 3. Bf4 Bg7 4. e3 d6 5. h3 O-O 6. Be2 Nfd7 7. O-O Nc6 8. Bh2
e5 9. c3 Kh8 10. Nbd2 f5 11. b4 a5 12. b5 Ne7 13. dxe5 Nxe5 14. Nxe5 dxe5 15.
Nc4 f4 16. b6 Be6 17. Qxd8 Raxd8 18. bxc7 Rc8 19. Nxa5 b6 20. Nc4 Rxc7 21. Nxb6
Rb8 22. Na4 Bd7 23. Bd1 Rc4 24. Bb3 Rxa4 25. Bxa4 Bxa4 26. exf4 exf4 27. Bxf4
Rc8 28. Rab1 Nd5 29. Rb8 Rxb8 30. Bxb8 Nxc3 31. a3 Kg8 32. Re1 Kf7 33. Be5 Nd5
34. Bxg7 Kxg7 35. Re4 Bc2 36. Rd4 Nb6 37. Rb4 Nd5 38. Rb2 Ba4 39. Rb7+ Kg8 40.
Ra7 Bc6 41. a4 g5 42. a5 h5 43. Ra6 Ne7 44. Rb6 1-0

[Event "4NCL"]
[Site "Barcelo Hotel, Daventry, ENG"]
[Date "2010.11.06"]
[Round "1.12"]
[White "Rees, Ioan"]
[Black "Cooper, John G"]
[Result "0-1"]
[WhiteElo "2319"]
[BlackElo "2363"]
[PlyCount "60"]
[EventDate "2010.??.??"]
[WhiteTeam "Rhyfelwyr Essyllwg"]
[BlackTeam "South Wales Dragons"]

1. Nf3 Nf6 2. c4 g6 3. Nc3 Bg7 4. e4 d6 5. d4 O-O 6. Be2 e5 7. O-O Nc6 8. d5
Ne7 9. Ne1 Nd7 10. Nd3 f5 11. f3 Nf6 12. g4 Kh8 13. Kh1 c6 14. Be3 Bd7 15. Rg1
fxe4 16. fxe4 b5 17. b3 cxd5 18. exd5 Rc8 19. Nf2 Qa5 20. Qd2 b4 21. Nce4 Nfxd5
22. cxd5 Nxd5 23. Rg3 Nxe3 24. Qxe3 d5 25. Rh3 dxe4 26. Nxe4 Bc6 27. g5 Bd5 28.
Rd1 Rc3 29. Rd3 Qb6 30. Qxb6 Bxe4+ 0-1

[Event "4NCL"]
[Site "Barcelo Hotel, Daventry, ENG"]
[Date "2010.11.06"]
[Round "1.13"]
[White "Zeidler, Sven P"]
[Black "Kett, Timothy J"]
[Result "1-0"]
[WhiteElo "2247"]
[BlackElo "2219"]
[PlyCount "81"]
[EventDate "2010.??.??"]
[WhiteTeam "South Wales Dragons"]
[BlackTeam "Rhyfelwyr Essyllwg"]

1. e4 e5 2. Nf3 Nc6 3. Nc3 Nf6 4. a3 Be7 5. d4 exd4 6. Nxd4 O-O 7. Nxc6 bxc6 8.
e5 Nd5 9. Nxd5 cxd5 10. Qxd5 c6 11. Qe4 d5 12. Qa4 f6 13. e6 Qd6 14. Bf4 Qxe6+
15. Kd2 Bd6 16. Bxd6 Qxd6 17. Bd3 c5 18. Qh4 f5 19. Rhe1 Be6 20. Re3 d4 21. Rh3
h6 22. Rg3 c4 23. Qxh6 Rf7 24. Bxc4 Qxg3 25. hxg3 gxh6 26. Bxe6 Kg7 27. Bxf7
Kxf7 28. Rh1 Rb8 29. b3 Kg6 30. Rh4 Rd8 31. Kd3 Re8 32. Rxd4 Re1 33. c4 Rd1+
34. Kc3 Rc1+ 35. Kb2 Rg1 36. c5 Rxg2 37. Rd2 f4 38. g4 Rxg4 39. c6 Rg5 40. c7
Rc5 41. Rc2 1-0

[Event "4NCL"]
[Site "Barcelo Hotel, Daventry, ENG"]
[Date "2010.11.06"]
[Round "1.14"]
[White "Brown, Tom"]
[Black "Redmond, John P"]
[Result "1/2-1/2"]
[WhiteElo "2070"]
[BlackElo "2212"]
[PlyCount "86"]
[EventDate "2010.??.??"]
[WhiteTeam "Rhyfelwyr Essyllwg"]
[BlackTeam "South Wales Dragons"]

1. d4 e6 2. c4 f5 3. g3 Nf6 4. Bg2 c6 5. Nh3 d5 6. O-O Bd6 7. Bf4 Be7 8. Nc3
O-O 9. cxd5 exd5 10. Rb1 Nbd7 11. b4 Nb6 12. b5 Ne4 13. Nxe4 fxe4 14. Qc1 Bg4
15. bxc6 bxc6 16. f3 exf3 17. exf3 Bf5 18. Rb3 Nc4 19. Re1 Re8 20. g4 Bg6 21.
Bf1 Bf6 22. Rxe8+ Bxe8 23. Qc3 Qa5 24. Qa1 Nd2 25. Re3 Nxf1 26. Kxf1 c5 27. Be5
Qd2 28. Qe1 Bb5+ 29. Kg1 Qxe1+ 30. Rxe1 cxd4 31. Bxf6 gxf6 32. Nf4 d3 33. Rd1
Bc4 34. a4 Kf7 35. Nxd3 Rb8 36. Kf2 Rb3 37. Nc5 Rb2+ 38. Ke3 Ra2 39. Rb1 Ke7
40. Rb4 Kd6 41. Ne4+ Ke5 42. Nc3 Rc2 43. Nb5 Bxb5 1/2-1/2

[Event "4NCL"]
[Site "Barcelo Hotel, Daventry, ENG"]
[Date "2010.11.06"]
[Round "1.15"]
[White "Morris, Charles F"]
[Black "Spice, Alan P"]
[Result "1-0"]
[WhiteElo "2188"]
[BlackElo "2143"]
[PlyCount "79"]
[EventDate "2010.??.??"]
[WhiteTeam "South Wales Dragons"]
[BlackTeam "Rhyfelwyr Essyllwg"]

1. c4 e6 2. g3 d5 3. Bg2 Nf6 4. Nf3 Be7 5. O-O O-O 6. Qc2 c5 7. d4 b6 8. cxd5
exd5 9. Ne5 Bb7 10. Be3 Qd6 11. Nc3 a6 12. Na4 Rc8 13. Nc4 cxd4 14. Nxd6 Rxc2
15. Nxb7 dxe3 16. Rac1 exf2+ 17. Kxf2 Rxc1 18. Rxc1 Nbd7 19. Rc7 Kf8 20. Bxd5
Nxd5 21. Rxd7 Rb8 22. Na5 Rd8 23. Rxd8+ Bxd8 24. Nc6 Bc7 25. e4 Ne7 26. Nd4 Ke8
27. b4 Kd7 28. Ke3 Nc6 29. Nc2 h5 30. a3 g6 31. Ne1 Ne5 32. Kd4 Ke6 33. Nc3 Ng4
34. Nf3 Bd8 35. Nd5 Kd6 36. h3 Nf2 37. Ne5 Ke6 38. Nc6 Bf6+ 39. e5 Bg7 40. Nd8+
{Black overstepped the time limit} 1-0

[Event "4NCL"]
[Site "Barcelo Hotel, Daventry, ENG"]
[Date "2010.11.06"]
[Round "1.16"]
[White "Trevelyan, John"]
[Black "James, David J"]
[Result "1/2-1/2"]
[WhiteElo "2130"]
[BlackElo "2126"]
[PlyCount "48"]
[EventDate "2010.??.??"]
[WhiteTeam "Rhyfelwyr Essyllwg"]
[BlackTeam "South Wales Dragons"]

1. Nc3 c5 2. Nf3 a6 3. a4 Nc6 4. e4 d6 5. Bc4 e6 6. O-O Nf6 7. Re1 Be7 8. d3
O-O 9. Qe2 Nd4 10. Nxd4 cxd4 11. Nb1 d5 12. exd5 Nxd5 13. Nd2 Nf4 14. Qf3 Ng6
15. Nb3 Qd6 16. Qe4 Bf6 17. Nd2 Rb8 18. Nf3 Bd7 19. Bb3 Bc6 20. Qg4 Bd5 21.
Bxd5 Qxd5 22. Qe4 Rfd8 23. Qxd5 Rxd5 24. Re2 Rc8 1/2-1/2

[Event "4NCL"]
[Site "Barcelo Hotel, Daventry, ENG"]
[Date "2010.11.06"]
[Round "1.17"]
[White "Jameson, David"]
[Black "Smith, Olivia"]
[Result "1-0"]
[WhiteElo "2049"]
[BlackElo "2002"]
[PlyCount "111"]
[EventDate "2010.??.??"]
[WhiteTeam "South Wales Dragons"]
[BlackTeam "Rhyfelwyr Essyllwg"]

1. d4 Nf6 2. c4 e5 3. dxe5 Ng4 4. Bf4 Nc6 5. Nf3 Bb4+ 6. Nc3 Qe7 7. Qd5 Bxc3+
8. bxc3 f6 9. exf6 Nxf6 10. Qd3 d6 11. e3 O-O 12. Be2 Ne5 13. Qd1 Kh8 14. O-O
Ne4 15. Rc1 Ng6 16. Bg3 c5 17. Bd3 Nxg3 18. hxg3 Ne5 19. Nxe5 Qxe5 20. Qc2 Bf5
21. Bxf5 Rxf5 22. Rcd1 Rf6 23. Rd5 Qe7 24. Rfd1 b6 25. Qd3 Rd8 26. e4 Re6 27.
f3 g6 28. Qe3 Re8 29. R1d3 Kg8 30. Qd2 Rd8 31. g4 Kg7 32. Qf4 Qf6 33. Qxf6+
Kxf6 34. g5+ Ke7 35. Kf2 Rb8 36. e5 Rxe5 37. Rxd6 Rb7 38. R6d5 Re6 39. Rd8 Kf7
40. a4 Rbe7 41. g4 Re8 42. Rxe8 Kxe8 43. f4 a6 44. Rd5 Kf7 45. Kf3 Re7 46. Rd6
Rb7 47. Ke4 Re7+ 48. Kd5 Re3 49. Rxb6 Rxc3 50. Kxc5 Rf3 51. Rxa6 Rxf4 52. Rf6+
Rxf6 53. gxf6 Kxf6 54. Kd4 h5 55. gxh5 gxh5 56. a5 1-0

[Event "4NCL"]
[Site "Barcelo Hotel, Daventry, ENG"]
[Date "2010.11.06"]
[Round "1.18"]
[White "Davies, Matthew"]
[Black "Wilson, Julie C"]
[Result "1-0"]
[WhiteElo "1973"]
[BlackElo "1893"]
[PlyCount "81"]
[EventDate "2010.??.??"]
[WhiteTeam "Rhyfelwyr Essyllwg"]
[BlackTeam "South Wales Dragons"]

1. d4 Nf6 2. c4 e6 3. Nc3 Bb4 4. e3 O-O 5. Nge2 d5 6. a3 Be7 7. cxd5 exd5 8. g3
Bf5 9. Bg2 c6 10. O-O Nbd7 11. f3 Nb6 12. Nf4 Re8 13. e4 dxe4 14. fxe4 Bg4 15.
Qd3 Qc8 16. Be3 Nh5 17. Nce2 Nxf4 18. Nxf4 Qc7 19. h3 Bd7 20. Rf2 Rad8 21. Kh2
c5 22. d5 c4 23. Qc2 Bd6 24. Ne2 Nxd5 25. Bxa7 Nf6 26. Bd4 Nh5 27. Qc3 b5 28.
Raf1 Bc6 29. e5 Bxg2 30. exd6 Qxd6 31. Rxg2 Re6 32. Qf3 Nf6 33. Rgf2 Rf8 34.
Bc3 Ne4 35. Rg2 Ng5 36. Qf4 Qd5 37. Nd4 Rh6 38. h4 Qd7 39. Qf5 Qb7 40. Qxg5 Qe4
41. Qf4 1-0

[Event "4NCL"]
[Site "Barcelo Hotel, Daventry, ENG"]
[Date "2010.11.06"]
[Round "1.21"]
[White "Shaw, Peter"]
[Black "Rosen, Daniel B"]
[Result "1-0"]
[WhiteElo "2164"]
[BlackElo "2125"]
[PlyCount "85"]
[EventDate "2010.??.??"]
[WhiteTeam "White Rose 2"]
[BlackTeam "Poisoned Pawns 2"]

1. d4 f5 2. Nf3 Nf6 3. g3 e6 4. Bg2 Be7 5. O-O O-O 6. c4 d5 7. b3 c6 8. Ba3 Bd7
9. Bxe7 Qxe7 10. Nbd2 Be8 11. Ne5 Nbd7 12. Nd3 Bh5 13. Nf4 Qf7 14. Qc2 g5 15.
Nxh5 Qxh5 16. cxd5 Nxd5 17. e4 fxe4 18. Nxe4 N7f6 19. Nc5 Qf7 20. Rae1 Rae8 21.
Re5 h6 22. Rfe1 Re7 23. Nxe6 Rfe8 24. Nc5 Ng4 25. Bxd5 cxd5 26. Rxe7 Rxe7 27.
Rxe7 Qxe7 28. Qg6+ Kh8 29. Ne6 Qf6 30. Qxf6+ Nxf6 31. Kg2 Kh7 32. Kf3 Kg6 33.
Nd8 b6 34. Nc6 a6 35. b4 Kf7 36. a4 Ne4 37. a5 bxa5 38. bxa5 Nd2+ 39. Kg4 Ne4
40. Kf5 Nd6+ 41. Ke5 Ne4 42. Kxd5 Nxf2 43. Nb4 1-0

[Event "4NCL"]
[Site "Barcelo Hotel, Daventry, ENG"]
[Date "2010.11.06"]
[Round "1.22"]
[White "McEwan, Ken B"]
[Black "O'Driscoll, Keiran"]
[Result "1/2-1/2"]
[WhiteElo "2139"]
[BlackElo "2109"]
[PlyCount "79"]
[EventDate "2010.??.??"]
[WhiteTeam "Poisoned Pawns 2"]
[BlackTeam "White Rose 2"]

1. d4 d5 2. Bf4 c5 3. c3 Nc6 4. e3 Nf6 5. Bd3 Bg4 6. f3 Bh5 7. Ne2 e6 8. g4 Bg6
9. h4 Bxd3 10. Qxd3 Bd6 11. g5 Nh5 12. Bxd6 Qxd6 13. f4 O-O-O 14. Nd2 Kb8 15.
dxc5 Qxc5 16. Nb3 Qb6 17. O-O-O g6 18. Nbd4 Nxd4 19. cxd4 Rc8+ 20. Kb1 Rc7 21.
Rc1 Rhc8 22. Rxc7 Rxc7 23. a3 Ng7 24. Ng3 Nf5 25. Nxf5 exf5 26. h5 a6 27. hxg6
fxg6 28. Rc1 Qe6 29. Rxc7 Kxc7 30. Qc3+ Kb8 31. a4 Qe8 32. Qa3 Ka8 33. Ka2 Qd7
34. Qf8+ Ka7 35. Ka3 a5 36. b4 axb4+ 37. Kxb4 b6 38. Kc3 Qc6+ 39. Kd2 Qc4 40.
Qe8 1/2-1/2

[Event "4NCL"]
[Site "Barcelo Hotel, Daventry, ENG"]
[Date "2010.11.06"]
[Round "1.23"]
[White "Weller, Jean-Luc"]
[Black "Kemp, Paul R"]
[Result "0-1"]
[WhiteElo "2154"]
[BlackElo "2106"]
[PlyCount "78"]
[EventDate "2010.??.??"]
[WhiteTeam "White Rose 2"]
[BlackTeam "Poisoned Pawns 2"]

1. d4 d5 2. c4 c6 3. Nf3 Nf6 4. e3 e6 5. b3 Nbd7 6. Bb2 Bb4+ 7. Nbd2 Ne4 8. a3
Ba5 9. Bd3 Nxd2 10. Nxd2 O-O 11. O-O Bc7 12. Qc2 g6 13. Qc3 f5 14. Rfe1 Qh4 15.
Nf1 Nf6 16. f3 Bd7 17. Re2 Rf7 18. Qc2 Raf8 19. Bc3 g5 20. Bb4 Re8 21. Be1 Qh6
22. cxd5 Nxd5 23. Bd2 Ref8 24. Be1 Qf6 25. Bf2 Bb6 26. Qc4 Kh8 27. Raa2 Re7 28.
Re1 e5 29. dxe5 Rxe5 30. Rae2 Rfe8 31. Kh1 R8e7 32. Bg3 f4 33. exf4 gxf4 34.
Rxe5 Rxe5 35. Rxe5 Qxe5 36. Bh4 Bf5 37. g4 Bg6 38. Be4 Ne3 39. Nxe3 Bxe3 {
White overstepped the time limit} 0-1

[Event "4NCL"]
[Site "Barcelo Hotel, Daventry, ENG"]
[Date "2010.11.06"]
[Round "1.24"]
[White "Doci, Stefan"]
[Black "Webb, Matthew D"]
[Result "1-0"]
[WhiteElo "2095"]
[BlackElo "2063"]
[PlyCount "115"]
[EventDate "2010.??.??"]
[WhiteTeam "Poisoned Pawns 2"]
[BlackTeam "White Rose 2"]

1. Nf3 g6 2. c4 Bg7 3. Nc3 d6 4. g3 e5 5. e4 Ne7 6. Bg2 O-O 7. d4 Bg4 8. dxe5
dxe5 9. Qb3 Nbc6 10. Be3 Nd4 11. Bxd4 exd4 12. Ne2 c5 13. h3 Qa5+ 14. Kf1 Bc8
15. Nf4 b5 16. Kg1 bxc4 17. Qxc4 Rb8 18. b3 Rb4 19. Qd3 Bd7 20. Qd2 Qa3 21. Kh2
Bc6 22. Nd3 Rbb8 23. Nfe5 Bb5 24. Rac1 Rbc8 25. Nc4 Qa6 26. a4 Bd7 27. Qg5 f6
28. Qf4 Be6 29. Rc2 f5 30. e5 Bd5 31. Qd2 Bxg2 32. Kxg2 Nd5 33. Nd6 Qc6 34. Kh2
Nc3 35. Nxc8 Rxc8 36. f4 Qd5 37. Nc1 Ne4 38. Qd3 Rb8 39. Rd1 h5 40. h4 Bh6 41.
Qa6 Kh7 42. Qxa7+ Rb7 43. Qa6 Re7 44. Qc4 Qa8 45. Nd3 Nc3 46. Qxc5 Bf8 47. Rxc3
dxc3 48. Qxc3 Qf3 49. Qc2 Rb7 50. Rc1 Ba3 51. Re1 Rd7 52. Rd1 Bc5 53. e6 Rd6
54. e7 Re6 55. Ne5 Rxe5 56. fxe5 Bf2 57. Rd3 Bxg3+ 58. Kg1 1-0

[Event "4NCL"]
[Site "Barcelo Hotel, Daventry, ENG"]
[Date "2010.11.06"]
[Round "1.25"]
[White "Faulks, Nick"]
[Black "Hutchinson, Norman A"]
[Result "0-1"]
[WhiteElo "2109"]
[BlackElo "2054"]
[PlyCount "48"]
[EventDate "2010.??.??"]
[WhiteTeam "White Rose 2"]
[BlackTeam "Poisoned Pawns 2"]

1. e4 c6 2. c4 d5 3. cxd5 cxd5 4. exd5 Nf6 5. Qa4+ Nbd7 6. Nc3 g6 7. h4 Bg7 8.
h5 Nxh5 9. g4 Nhf6 10. g5 Ng8 11. d4 Kf8 12. Nf3 Nb6 13. Qb3 Bf5 14. Bf4 Rc8
15. d6 exd6 16. Nb5 a6 17. Nxd6 Qe7+ 18. Kd2 Rc2+ 19. Qxc2 Bxc2 20. Re1 Qd7 21.
Kxc2 Ne7 22. Bg2 Nbc8 23. Nxc8 Nxc8 24. Re3 Qf5+ 0-1

[Event "4NCL"]
[Site "Barcelo Hotel, Daventry, ENG"]
[Date "2010.11.06"]
[Round "1.26"]
[White "McCorry, Robert T"]
[Black "Lewyk, Ihor"]
[Result "0-1"]
[WhiteElo "2055"]
[BlackElo "2110"]
[PlyCount "104"]
[EventDate "2010.??.??"]
[WhiteTeam "Poisoned Pawns 2"]
[BlackTeam "White Rose 2"]

1. d4 Nf6 2. c4 c5 3. d5 b5 4. Nf3 Bb7 5. Qc2 bxc4 6. e4 d6 7. Bxc4 g6 8. O-O
Bg7 9. Nc3 Nfd7 10. Bf4 O-O 11. Rfe1 Nb6 12. Bf1 N8d7 13. Rad1 Qb8 14. Qd2 f6
15. Bh6 Ne5 16. Bxg7 Nxf3+ 17. gxf3 Kxg7 18. f4 Qc8 19. Re3 Ba6 20. Bh3 Qc7 21.
b3 Bc8 22. Bg2 a5 23. e5 f5 24. Rde1 Rf7 25. Nb5 Qd8 26. exd6 exd6 27. Re8 Qf6
28. Nxd6 Qxd6 29. Qc3+ Qf6 30. Qxc5 Raa7 31. d6 Bd7 32. Rb8 Nc8 33. Bd5 Qxd6
34. Qxd6 Nxd6 35. Bxf7 Kxf7 36. Re5 Ne4 37. Rh8 Nf6 38. a3 Be8 39. b4 axb4 40.
axb4 Ra8 41. b5 Kg7 42. Rhxe8 Nxe8 43. Kf1 Kf7 44. Ke2 Rb8 45. Kd3 Nd6 46. Rc5
Nxb5 47. Kc4 Nd6+ 48. Kd5 Ne8 49. Rc2 Rb7 50. Ra2 Nf6+ 51. Kc4 Nh5 52. Ra4 Kg7
0-1

[Event "4NCL"]
[Site "Barcelo Hotel, Daventry, ENG"]
[Date "2010.11.06"]
[Round "1.31"]
[White "Franklin, Samuel GA"]
[Black "Talsma, Paul A"]
[Result "1/2-1/2"]
[WhiteElo "2203"]
[BlackElo "2260"]
[PlyCount "50"]
[EventDate "2010.??.??"]
[WhiteTeam "Barbican Youth"]
[BlackTeam "Anglian Avengers 1"]

1. e4 e5 2. Nf3 Nc6 3. Bb5 a6 4. Ba4 Nf6 5. O-O Nxe4 6. d4 exd4 7. Re1 d5 8.
Bg5 f6 9. Nxd4 Bc5 10. Nxc6 Bxf2+ 11. Kf1 Qd7 12. Nc3 bxc6 13. Nxe4 Bxe1 14.
Nxf6+ gxf6 15. Qh5+ Kf8 16. Bh6+ Ke7 17. Rxe1+ Kd8 18. Qh4 Qf5+ 19. Kg1 Bd7 20.
Rf1 Qe5 21. Re1 Qxb2 22. Bc1 Qc3 23. Bd2 Qb2 24. Bc1 Qc3 25. Bd2 Qb2 1/2-1/2

[Event "4NCL"]
[Site "Barcelo Hotel, Daventry, ENG"]
[Date "2010.11.06"]
[Round "1.32"]
[White "Munson, Shaun D"]
[Black "Coleman, David J"]
[Result "1-0"]
[WhiteElo "2201"]
[BlackElo "2247"]
[PlyCount "109"]
[EventDate "2010.??.??"]
[WhiteTeam "Anglian Avengers 1"]
[BlackTeam "Barbican Youth"]

1. d4 Nf6 2. Bg5 e6 3. e3 Be7 4. Bd3 d6 5. Nd2 Nbd7 6. Ngf3 h6 7. Bh4 b6 8. c3
Bb7 9. e4 g5 10. Bg3 Nh5 11. Ng1 Nxg3 12. hxg3 Bf6 13. Qe2 c6 14. O-O-O Qc7 15.
f4 O-O-O 16. Kb1 e5 17. Qf2 Kb8 18. Ne2 Rdf8 19. Nc4 exd4 20. cxd4 Be7 21. Ne3
Rfg8 22. Nc3 Nf6 23. e5 Ne8 24. Nf5 Bf8 25. Rhe1 Bc8 26. Rc1 Qb7 27. Ne3 Nc7
28. Ne4 Ne8 29. Rc2 Bd7 30. Qf1 c5 31. d5 dxe5 32. fxe5 Bg7 33. Ba6 Qc7 34. Nc4
b5 35. Ncd6 Nxd6 36. Nxd6 Bxe5 37. Nxb5 Qb6 38. Na3 Bd4 39. Bb5 Bc8 40. Bc6 Ba6
41. Nc4 Qc7 42. Qf3 h5 43. Qb3+ Kc8 44. Rce2 Bxc4 45. Qxc4 Qb6 46. a3 h4 47.
Rd1 hxg3 48. Rd3 Rh1+ 49. Ka2 Rgh8 50. Rb3 Qa5 51. Rb5 Qc7 52. Qa4 R1h6 53.
Qa6+ Kd8 54. Rb7 Qd6 55. Qxa7 1-0

[Event "4NCL"]
[Site "Barcelo Hotel, Daventry, ENG"]
[Date "2010.11.06"]
[Round "1.33"]
[White "Chapman, Terry PD"]
[Black "Tozer, Philip AA"]
[Result "1/2-1/2"]
[WhiteElo "2249"]
[BlackElo "2123"]
[PlyCount "37"]
[EventDate "2010.??.??"]
[WhiteTeam "Barbican Youth"]
[BlackTeam "Anglian Avengers 1"]

1. Nf3 e6 2. d3 d5 3. g3 Nf6 4. Bg2 Be7 5. O-O O-O 6. Nbd2 c5 7. e4 Nc6 8. Re1
Rb8 9. e5 Nd7 10. Nf1 f6 11. exf6 Nxf6 12. b3 Bd6 13. Bb2 Qc7 14. Qe2 d4 15.
Ng5 e5 16. Nd2 Bg4 17. Bf3 Bxf3 18. Qxf3 Rbe8 19. Qg2 1/2-1/2

[Event "4NCL"]
[Site "Barcelo Hotel, Daventry, ENG"]
[Date "2010.11.06"]
[Round "1.34"]
[White "Gray, Mark S"]
[Black "Sen, Subin"]
[Result "1-0"]
[WhiteElo "2084"]
[BlackElo "2150"]
[PlyCount "87"]
[EventDate "2010.??.??"]
[WhiteTeam "Anglian Avengers 1"]
[BlackTeam "Barbican Youth"]

1. e4 c5 2. Nf3 d6 3. Bb5+ Bd7 4. Bxd7+ Nxd7 5. c4 Ngf6 6. Nc3 g6 7. O-O Bg7 8.
d3 O-O 9. Ng5 Ne5 10. f4 Nc6 11. f5 Nd7 12. fxg6 hxg6 13. Qg4 Nf6 14. Qh4 Re8
15. Nd5 Ne5 16. Nxf6+ exf6 17. Qh7+ Kf8 18. Nh3 Nxd3 19. Bh6 Bxh6 20. Qxh6+ Kg8
21. Nf4 Nxf4 22. Rxf4 Re5 23. Rh4 Rh5 24. Rxh5 gxh5 25. Rf1 Qe7 26. Rf3 h4 27.
Qxh4 Qe5 28. Rg3+ Kf8 29. Qh8+ Ke7 30. Qxa8 Qd4+ 31. Kf1 Qd1+ 32. Kf2 Qd2+ 33.
Kf3 Qd3+ 34. Kf4 Qd2+ 35. Kf5 Qxb2 36. Qg8 Qe5+ 37. Kg4 Qxe4+ 38. Kh5 Qf5+ 39.
Kh6 Qf4+ 40. Kg7 Qxc4 41. Re3+ Kd7 42. Qe8+ Kc7 43. Qxf7+ Qxf7+ 44. Kxf7 1-0

[Event "4NCL"]
[Site "Barcelo Hotel, Daventry, ENG"]
[Date "2010.11.06"]
[Round "1.35"]
[White "Cumming, Rhys"]
[Black "Gregory, Stephen J"]
[Result "0-1"]
[WhiteElo "2008"]
[BlackElo "2099"]
[PlyCount "134"]
[EventDate "2010.??.??"]
[WhiteTeam "Barbican Youth"]
[BlackTeam "Anglian Avengers 1"]

1. e4 d6 2. d4 Nf6 3. Nc3 g6 4. h3 Bg7 5. Nf3 O-O 6. Be3 c6 7. Bd3 Qa5 8. O-O
e5 9. dxe5 dxe5 10. Nd2 Qc7 11. Kh1 Nbd7 12. a4 Nh5 13. Nc4 Rd8 14. Qc1 Nf8 15.
Rd1 Ne6 16. Bf1 Nd4 17. Ne2 Be6 18. Nxd4 exd4 19. Bh6 b5 20. Bxg7 Kxg7 21. axb5
cxb5 22. Nd2 Qf4 23. Ra3 Qxf2 24. Bxb5 Rac8 25. Rf1 Ng3+ 26. Rxg3 Qxg3 27. Rf3
Qg5 28. Bd3 a5 29. b3 h5 30. Qe1 Rc5 31. Nc4 Rd7 32. Qf2 a4 33. Nb6 axb3 34.
Nxd7 b2 35. c4 Rxc4 36. Qxb2 Qc1+ 37. Qxc1 Rxc1+ 38. Kh2 Bxd7 39. Kg3 f6 40. h4
Bc6 41. Kf2 Ra1 42. Rg3 Ra2+ 43. Kg1 Be8 44. Kh2 Kf8 45. Bc4 Rc2 46. Bb3 Rc3
47. Rxc3 dxc3 48. Kg3 Ke7 49. Kf4 Kd6 50. Ke3 Ke5 51. g3 g5 52. Bd1 Bg6 53.
hxg5 fxg5 54. Kd3 g4 55. Kxc3 h4 56. Bxg4 hxg3 57. Bh3 Kxe4 58. Kd2 Kf3 59. Ke1
Bd3 60. Bf1 Ke3 61. Bg2 Be2 62. Bc6 Bb5 63. Bd5 Bd3 64. Bg2 Be4 65. Bxe4 Kxe4
66. Ke2 Kf4 67. Ke1 Kg4 0-1

[Event "4NCL"]
[Site "Barcelo Hotel, Daventry, ENG"]
[Date "2010.11.06"]
[Round "1.36"]
[White "Cook, Michael P"]
[Black "Bhatia, Kanwal K"]
[Result "0-1"]
[WhiteElo "2065"]
[BlackElo "2072"]
[PlyCount "82"]
[EventDate "2010.??.??"]
[WhiteTeam "Anglian Avengers 1"]
[BlackTeam "Barbican Youth"]

1. d4 Nf6 2. Nf3 g6 3. Nc3 d5 4. Bf4 c6 5. e3 Bg7 6. Be2 O-O 7. Ne5 Nbd7 8. h4
Ne4 9. Nxe4 dxe4 10. Nxd7 Bxd7 11. c3 Re8 12. Bc4 b5 13. Bb3 Qa5 14. Bc2 b4 15.
Qd2 bxc3 16. Qxc3 Qd5 17. Bb3 Qf5 18. Rc1 Qg4 19. Bg3 c5 20. Qc4 cxd4 21. exd4
Be6 22. Qb4 Bxb3 23. axb3 e3 24. Rc4 exf2+ 25. Kxf2 Rad8 26. d5 Qf5+ 27. Kg1
Rxd5 28. Kh2 Be5 29. Re1 Bxg3+ 30. Kxg3 e6 31. Re3 Red8 32. Rf4 Qc2 33. Qe7
R8d7 34. Qf6 Rd3 35. Ref3 Rxf3+ 36. Rxf3 h5 37. Kh2 Qc7+ 38. g3 Qd8 39. Qe5
Rd2+ 40. Kh3 Qd7 41. Rc3 Qb7 0-1

[Event "4NCL"]
[Site "Barcelo Hotel, Daventry, ENG"]
[Date "2010.11.06"]
[Round "1.37"]
[White "Sanders, Isaac B"]
[Black "Wallis, Ian J"]
[Result "1/2-1/2"]
[WhiteElo "1989"]
[BlackElo "1977"]
[PlyCount "61"]
[EventDate "2010.??.??"]
[WhiteTeam "Barbican Youth"]
[BlackTeam "Anglian Avengers 1"]

1. d4 d5 2. Nf3 Nf6 3. c4 dxc4 4. e3 c5 5. Bxc4 e6 6. O-O Nc6 7. Bb3 Be7 8. Nc3
O-O 9. a3 a6 10. d5 exd5 11. Nxd5 Nxd5 12. Bxd5 Bf6 13. Bxc6 bxc6 14. Qc2 Qe7
15. Nd2 Be6 16. Ne4 c4 17. Bd2 Bd5 18. Nxf6+ Qxf6 19. f3 Qg6 20. Qxg6 hxg6 21.
e4 Be6 22. Bb4 Rfd8 23. Rad1 Rd3 24. Rxd3 cxd3 25. Rc1 Rd8 26. Bd2 Bb3 27. Rxc6
a5 28. Kf2 a4 29. Ke3 Bc2 30. Bc3 f6 31. f4 1/2-1/2

[Event "4NCL"]
[Site "Barcelo Hotel, Daventry, ENG"]
[Date "2010.11.06"]
[Round "1.41"]
[White "Spencer, Carl J"]
[Black "Williams, Simon K"]
[Result "0-1"]
[WhiteElo "2166"]
[BlackElo "2485"]
[PlyCount "68"]
[EventDate "2010.??.??"]
[WhiteTeam "Cambridge University 2"]
[BlackTeam "Jutes of Kent"]

1. e4 e6 2. d4 d5 3. Nd2 Nf6 4. e5 Nfd7 5. Bd3 c5 6. c3 Nc6 7. Ne2 cxd4 8. cxd4
f6 9. Nf4 Nxd4 10. Qh5+ Ke7 11. Ng6+ hxg6 12. exf6+ Nxf6 13. Qxh8 Kf7 14. O-O
e5 15. Nb3 Nf5 16. Bxf5 Bxf5 17. Bg5 Qb6 18. Nd2 Re8 19. Qh4 Bd3 20. Rfd1 e4
21. Nb3 Re5 22. Rac1 Be2 23. Rd2 Bc4 24. Be3 Qb4 25. Rc3 Bd6 26. Bf4 e3 27.
fxe3 Bxb3 28. axb3 Re4 29. Qg5 Rxf4 30. Rxd5 Rg4 31. Rd4 Rxd4 32. exd4 Qxd4+
33. Kf1 Qd1+ 34. Kf2 Ne4+ 0-1

[Event "4NCL"]
[Site "Barcelo Hotel, Daventry, ENG"]
[Date "2010.11.06"]
[Round "1.43"]
[White "Quist, Sven Roy"]
[Black "Harakis, Alexis M"]
[Result "0-1"]
[WhiteElo "2150"]
[BlackElo "2205"]
[PlyCount "70"]
[EventDate "2010.??.??"]
[WhiteTeam "Cambridge University 2"]
[BlackTeam "Jutes of Kent"]

1. c4 g6 2. Nc3 Bg7 3. Nf3 d6 4. d4 Nc6 5. d5 Ne5 6. Nxe5 Bxe5 7. f4 Bg7 8. e4
c6 9. Be3 Nh6 10. Be2 O-O 11. O-O e6 12. Qd2 exd5 13. f5 d4 14. Bxd4 f6 15. Be3
Nf7 16. Rad1 Qe7 17. Rf3 Re8 18. fxg6 hxg6 19. Rg3 Kh7 20. Bf4 Bf8 21. Rd3 Ne5
22. Rxd6 Qxd6 23. Qxd6 Bxd6 24. Rxd6 Be6 25. b3 Rad8 26. Rxd8 Rxd8 27. Be3 Bg4
28. Bf1 a6 29. h3 Bd1 30. Kh2 Bc2 31. Be2 Bd3 32. Bd1 Bxc4 33. bxc4 Rd3 34. Bc1
Rxc3 35. Bb2 Rxc4 0-1

[Event "4NCL"]
[Site "Barcelo Hotel, Daventry, ENG"]
[Date "2010.11.06"]
[Round "1.45"]
[White "Shridhar Mitesh"]
[Black "Naylor, John"]
[Result "1-0"]
[WhiteElo "2118"]
[BlackElo "2162"]
[PlyCount "85"]
[EventDate "2010.??.??"]
[WhiteTeam "Cambridge University 2"]
[BlackTeam "Jutes of Kent"]

1. e4 e5 2. Nf3 Nc6 3. Bc4 Nf6 4. d3 Be7 5. O-O O-O 6. a4 d6 7. c3 d5 8. exd5
Nxd5 9. Re1 Bg4 10. a5 Rb8 11. h3 Bh5 12. g4 Bg6 13. Nxe5 Nxe5 14. Rxe5 c6 15.
Bxd5 cxd5 16. Qf3 Bd6 17. Rxd5 Qe7 18. Be3 Qe6 19. Nd2 Rbd8 20. Rd4 f5 21. g5
f4 22. Bxf4 Rxf4 23. Rxf4 Bxf4 24. Qxf4 Bxd3 25. Qe3 Qg6 26. Re1 Bf5 27. Nb3 h6
28. Nd4 Bd7 29. Qg3 hxg5 30. Kh2 g4 31. h4 Qf6 32. Kg1 Kf7 33. Re4 Kg8 34. Re1
Bc8 35. Kh2 b6 36. axb6 axb6 37. Re3 Rf8 38. Kg1 Bb7 39. Re6 Ra8 40. Re1 Qe7
41. Qb8+ Rxb8 42. Rxe7 Kf8 43. Rd7 1-0

[Event "4NCL"]
[Site "Barcelo Hotel, Daventry, ENG"]
[Date "2010.11.06"]
[Round "1.47"]
[White "Chan, Nevil"]
[Black "Rice, Chris B"]
[Result "1-0"]
[WhiteElo "2058"]
[BlackElo "2078"]
[PlyCount "72"]
[EventDate "2010.??.??"]
[WhiteTeam "Cambridge University 2"]
[BlackTeam "Jutes of Kent"]

1. b3 e5 2. Bb2 d6 3. e3 Nf6 4. d3 Be7 5. Ne2 O-O 6. Ng3 Re8 7. Be2 Nbd7 8. Nd2
a5 9. a4 Bf8 10. O-O c6 11. e4 Qc7 12. f4 exf4 13. Rxf4 d5 14. Rh4 dxe4 15.
Ndxe4 Nxe4 16. Nxe4 Ne5 17. Ng5 h6 18. Nf3 Ng6 19. Re4 Rxe4 20. dxe4 Bg4 21.
Nd4 Bxe2 22. Qxe2 Re8 23. Nf5 Qf4 24. Re1 Rd8 25. Bc1 Qe5 26. g3 Kh7 27. Kg2
Kg8 28. Qf3 Qc5 29. Re2 Ne5 30. Qe3 Qxe3 31. Bxe3 Rd7 32. Rd2 Rxd2+ 33. Bxd2
Kh7 34. Nh4 Ng4 35. Bxa5 Ne3+ 36. Kf3 Nxc2 {No further moves were recorded} 1-0